000 01214 a2200217 4500
001 56994
005 20260407155832.0
008 260407a2001 arg spa d
003 AR-UNSa-BCEJYS
040 _aAR-UNSa-BCEJYS
_bspa
_cAR-UNSa-BCEJYS
080 _a330
_xEconomía en general
245 1 0 _aThe invisible heart
_pan economic romance
020 _a0-262-18210-6
264 1 _aLondres :
_bMassachusetts Institute of Technology
_c2001
300 _a271 p.
_c21 cm.
505 _a1. Opening day – 2. Beauty and the beast – 3. Danger and delight – 4. Têtê à têtê – 5. Underpaid and overworked – 6. Turning out the lights – 7. Exploting the consumer – 8. Magic finger – 9. The siren´s call – 10. Down and dirty – 11. Out in the cold – 12. The cornered beast – 13. The rules of the game – 14. Serious numbers – 15. Sweet charity – 16. The numbers are Heard – 17. Swimming with the tide – 18. Last class – 19. Repairing the world – 20. Show time – 21. Spare change
942 _cBK
590 _aniveau_biblio:m niveau_hierar:0
100 1 _aRussell, Roberts
856 4 1 _uhttps://biblioeco.unsa.edu.ar/pmb/images/libros/L128634.jpg
_yImagen de portada
_qimage/jpeg
999 _c6082
_d6082